000 00612nam a2200217 i 4500
001 bg
245 0 0 _aWobec wolności :
_bpraca zbiorowa /
_cpod red. Marii Reut.
260 _aWrocław :
_bOficyna Wydawnicza Politechniki Wrocławskiej,
_c1997.
300 _a209 s. ;
_c24 cm.
650 9 _aWolność
_xfilozofia
650 9 _aWolność
_xpsychologia
650 9 _aWychowanie
_xfilozofia
700 1 _aREUT, Maria.
_eRed.
020 _a8370853196
040 _cBPK
041 0 _apl
080 _a122/129:159.9:37.01
920 _a83-7085-319-6
942 _cKS
008 s pl f |000 0 pol
999 _c33180
_d33180
856 _uhttp://koha.tu.koszalin.pl/cgi-bin/koha/opac-detail.pl?biblionumber=33180
_yKatalog online BPK